[Event "EU-ch U18 Girls"]
[Site "Batumi"]
[Date "2010.09.20"]
[Round "1"]
[White "Soubirou, Oriane"]
[Black "Sulamanidze, Mariam"]
[Result "1/2-1/2"]
[WhiteElo "2021"]
[BlackElo "1831"]
[PlyCount "108"]
[EventDate "2010.09.20"]
[EventType "swiss"]
[EventRounds "9"]
[EventCountry "GEO"]
[SourceTitle "CBM 138 Extra"]
[Source "ChessBase"]
[SourceDate "2010.10.29"]
[SourceVersion "1"]
[SourceVersionDate "2010.10.29"]
[SourceQuality "1"]

1. e4 e6 2. d4 d5 3. e5 c5 4. c3 Nc6 5. Nf3 Qb6 6. a3 cxd4 7. cxd4 Bd7 8. b4 Rc8 9. Bb2 Na5 10. Nbd2 Nc4 11. Bxc4 dxc4 12. Rc1 c3 13. Bxc3 Qa6 14. Bb2 Rxc1 15. Qxc1 Ne7 16. g3 Nd5 17. Qc4 Bb5 18. Qc8+ Ke7 19. Ne4 Bc6 20. Nc5 Qb5 21. Ng5 g6 22. Qb8 Bg7 23. Qd6+ Ke8 24. Ncxe6 fxe6 25. Nxe6 Bh6 26. Qd8+ Kf7 27. Qxh8 Kxe6 28. Qg8+ Kd7 29. Qxh7+ Ne7 30. Qxh6 Bxh1 31. Qh3+ Kd8 32. Qh8+ Kd7 33. Qh3+ Kd8 34. Qh8+ Kc7 35. Qf6 Qd7 36. Qg7 Be4 37. Qf7 Bf5 38. f3 b6 39. Kf2 Kb7 40. h4 Ka6 41. Qc4+ b5 42. Qf7 Qc7 43. g4 Bd3 44. Qe6+ Kb7 45. Qf7 Bc4 46. Qg7 Bd5 47. Qh7 Ka6 48. Qg7 Qc2+ 49. Kg3 Qe2 50. Qf6+ Bc6 51. d5 Qe1+ 52. Kh3 Qf1+ 53. Kg3 Qg1+ 54. Kh3 Qf1+ 1/2-1/2

[Event "Wch U16 Girls"]
[Site "Kemer"]
[Date "2009.11.15"]
[Round "4"]
[White "Stojkovska, Monika"]
[Black "Sulamanidze, Mariam"]
[Result "1-0"]
[WhiteElo "1906"]
[BlackElo "1792"]
[PlyCount "63"]
[EventDate "2009.11.12"]
[EventType "swiss"]
[EventRounds "11"]
[EventCountry "TUR"]
[SourceTitle "EXT 2010"]
[Source "ChessBase"]
[SourceDate "2010.11.25"]
[SourceVersion "1"]
[SourceVersionDate "2010.11.25"]
[SourceQuality "1"]

1. e4 e6 2. d4 d5 3. Nd2 Nf6 4. Bd3 c5 5. dxc5 Bxc5 6. Qe2 Nc6 7. Ngf3 Nb4 8. exd5 Nxd3+ 9. Qxd3 Qb6 10. 0-0 Nxd5 11. Ne4 h6 12. c4 Ne7 13. Be3 Bxe3 14. Nd6+ Kf8 15. fxe3 Nf5 16. c5 Qc7 17. Ne5 Ke7 18. Nexf7 Rf8 19. Ne5 Rf6 20. Rad1 b6 21. Qb5 Ba6 22. Qxa6 Nxe3 23. Rxf6 Kxf6 24. Nd7+ Ke7 25. Rd3 Nd5 26. Rf3 Nf6 27. Nxf6 Qxc5+ 28. Rf2 gxf6 29. Qb7+ Kxd6 30. Qxa8 Qc1+ 31. Rf1 Qxb2 32. Qd8+ 1-0

[Event "Wch U16 Girls"]
[Site "Kemer"]
[Date "2009.11.12"]
[Round "1"]
[White "Sulamanidze, Mariam"]
[Black "Bharathi, R."]
[Result "1-0"]
[WhiteElo "1792"]
[BlackElo "2148"]
[PlyCount "34"]
[EventDate "2009.11.12"]
[EventType "swiss"]
[EventRounds "11"]
[EventCountry "TUR"]
[SourceTitle "EXT 2010"]
[Source "ChessBase"]
[SourceDate "2010.11.25"]
[SourceVersion "1"]
[SourceVersionDate "2010.11.25"]
[SourceQuality "1"]

1. e4 c5 2. c3 d5 3. exd5 Qxd5 4. d4 cxd4 5. cxd4 Nc6 6. Nf3 e6 7. Nc3 Qd6 8. Bd3 Nf6 9. 0-0 Be7 10. a3 0-0 11. Be3 b6 12. Rc1 Bb7 13. Qe2 Nd5 14. Ne5 Qd8 15. Rfd1 Rc8 16. h3 h6 17. Bb1 Na5 1-0